| 000 | 00507nam a2200169Ia 4500 | ||
|---|---|---|---|
| 008 | 240729s9999 xx 000 0 und d | ||
| 022 | _a1475-9985 | ||
| 245 | 0 | _aInformatics in Primary Care | |
| 260 | _aUnited Kingdom | ||
| 260 | _bBCS, The Chartered Institute for IT | ||
| 650 | _a Computer applications to medicine. Medical informatics | ||
| 650 | _a Medicine (General) | ||
| 650 | _aMedicine | ||
| 856 | _uhttps://doaj.org/toc/4341e11dae16464cb503f2477401f6e2 | ||
| 942 | _2ddc | ||
| 942 | _cDOAJEJ | ||
| 999 |
_c73075 _d73075 |
||
| 945 |
_a1 _bMadushi Gamage _c1 _dMadushi Gamage |
||